| 000 | 01015nam a2200205Ii 4500 | ||
|---|---|---|---|
| 003 | JO-AjNU | ||
| 008 | 230605s9999||||xx |||||||||||||| ||und|| | ||
| 020 | _a9960-24-562-4 | ||
| 040 |
_aJO-AjNU _bara _erda _cJO-AjNU |
||
| 041 | _aara | ||
| 050 | 1 | 4 | _aHF 5657.A33 2006 |
| 100 | 3 |
_aتأليف: ميجز،روبرت /م.مشارك: جان وليامز، سوزان هاكا، مارك بتيز؛ ترجمة وتعريب: مكرم عبد المسيح باسيلي، محمد عبدالقادر الديسطس؛ مراجعة: احمد حامد حجاج, _eauthor _930846 |
|
| 245 | 0 | 0 | _aالمحاسبة: اساس لقرارات الاعمال = Accounting The Basis For Business Decisions، ج1 |
| 264 | 3 | 1 | _aالرياض: دار المريخ للنشر، 2006 |
| 300 | _aج1، 487ص | ||
| 336 |
_atext _btxt _2rdacontent |
||
| 337 |
_aunmediated _bn _2rdamedia |
||
| 338 |
_avolume _bnc _2rdacarrier |
||
| 650 | 4 |
_aالمحاسبة الادارية - ادارة الاعمال - اتخاذ القرارات _930847 |
|
| 999 |
_aA12274 _c15842 _d15842 |
||